[Event "Prague International Open"]
[Site "Prague CZE"]
[Date "2022.06.17"]
[Round "9.10"]
[White "Sedlak, Nikola"]
[Black "Molenda, Marcin"]
[Result "1/2-1/2"]
[WhiteTitle "GM"]
[BlackTitle "FM"]
[WhiteElo "2477"]
[BlackElo "2368"]
[WhiteFideId "922900"]
[BlackFideId "1173065"]
[EventDate "2022.06.10"]

1. Nf3 Nf6 2. g3 g6 3. b3 c5 4. c4 Bg7 5. Bb2 b6 6. Bg2 Bb7 7. O-O O-O 8. e3 d5
9. cxd5 Qxd5 10. Nc3 Qd8 11. d4 cxd4 12. Nxd4 Bxg2 13. Kxg2 a6 14. Qf3 Ra7 15.
Rfd1 Rd7 16. Rac1 b5 17. a4 bxa4 18. Nxa4 e5 19. Nc2 e4 20. Qe2 Nd5 21. Bxg7
Kxg7 22. Nd4 Qf6 23. Qg4 Re8 24. h4 h5 25. Qg5 Qxg5 26. hxg5 Nb4 27. Nc5 Rd5 28.
Rc4 N4c6 29. Nxa6 Nxa6 30. Rxc6 Nb4 31. Rb6 Nd3 32. Ra1 Rxg5 33. Ra7 Kg8 34.
Rbb7 Ne5 35. Re7 Rc8 36. Ra5 Nf3 37. Rxg5 Nxg5 38. b4 Rb8 39. Re5 f6 40. Rb5
Rxb5 41. Nxb5 Kf7 42. Nc3 Ke6 43. b5 Kd6 44. b6 Kc6 45. Nd5 Nh7 46. Ne7+ Kxb6
47. Nxg6 Kc5 48. Nf4 Kd6 49. Nxh5 f5 50. g4 fxg4 51. Kg3 Ke5 52. Kxg4 Nf8 53.
Nf4 Nd7 54. Kg5 Nc5 55. Ng6+ Ke6 56. Kf4 1/2-1/2

[Event "Prague International Open"]
[Site "Prague CZE"]
[Date "2022.06.17"]
[Round "9.11"]
[White "Suarez Uriel, Adrian"]
[Black "Garcia Ramos, Daniel"]
[Result "1/2-1/2"]
[WhiteTitle "IM"]
[BlackTitle "IM"]
[WhiteElo "2370"]
[BlackElo "2441"]
[WhiteFideId "22230874"]
[BlackFideId "32010311"]
[EventDate "2022.06.10"]

1. e4 c6 2. d4 d5 3. exd5 cxd5 4. c4 Nf6 5. Nc3 e6 6. Nf3 Bb4 7. cxd5 Nxd5 8.
Qc2 h6 9. Bd3 O-O 10. O-O Nc6 11. a3 Bd6 12. Rd1 Re8 13. Qe2 Bd7 14. Bc2 Qe7 15.
Ne5 Rad8 16. Qd3 f5 17. Nxd5 exd5 18. Nf3 Bb8 19. Bd2 Qf6 20. b4 Re4 21. Be3 Be6
22. Nd2 Rg4 23. h3 Rh4 24. Nf3 Re4 25. b5 Na5 26. Qc3 Rc8 27. Qxa5 Rxc2 28. Rac1
Rxc1 29. Rxc1 f4 30. Bd2 Kh7 31. b6 a6 32. Qa4 Bf5 33. Rc5 Re2 34. Qd1 Qe6 35.
Ne5 Re4 36. Nf3 Bg6 37. Qb3 Bf7 38. a4 Bd6 39. Rc1 Bh5 40. Qd3 Bg6 41. Qb3 Bh5
42. Qc3 Bxf3 43. gxf3 Qg6+ 44. Kf1 Re8 45. Qc2 Qxc2 46. Rxc2 Kg6 47. Rc1 Kf5 48.
Rc2 Ke6 49. Ke2 Kd7+ 50. Kd3 Re6 51. Rc3 Rg6 52. Bc1 Rg2 53. Ke2 Rg1 54. a5 h5
55. Ba3 Bxa3 56. Rxa3 Rc1 57. Kd2 Rc4 58. Kd3 Kc6 59. Rb3 Rc1 60. Rb2 Rd1+ 61.
Kc3 Rh1 62. h4 Kd6 63. Rc2 Rxh4 64. Kb3 Rh1 65. Rc7 h4 66. Rxg7 h3 67. Rg6+ Ke7
68. Rg7+ Kf6 69. Rh7 Kg6 70. Rh4 h2 71. Kb2 Kg5 72. Rh7 Kf6 73. Rh6+ Kg7 74. Rh4
Kg6 75. Rh3 Kf5 76. Rh6 Kg5 77. Rh3 Kf6 78. Rh6+ Ke7 79. Rh5 Kd6 80. Rh6+ Kd7
81. Ka2 Rd1 82. Rxh2 Rxd4 83. Kb3 Kc6 84. Rh7 Kb5 85. Rxb7 Kxa5 86. Kc3 Ra4 87.
Rb8 Ra3+ 88. Kd4 Rxf3 89. Kxd5 Rxf2 90. Ke4 Rf1 91. b7 Kb6 92. Rf8 Kxb7 93. Rxf4
Rd1 94. Ke3 Kc6 95. Rd4 Rc1 96. Kd2 Rc5 97. Rd3 Kb5 98. Rc3 Rh5 99. Kc2 a5 100.
Kb2 1/2-1/2

[Event "Prague International Open"]
[Site "Prague CZE"]
[Date "2022.06.17"]
[Round "9.12"]
[White "Raja, Harshit"]
[Black "Wagh, Suyog"]
[Result "0-1"]
[WhiteTitle "GM"]
[BlackTitle "FM"]
[WhiteElo "2479"]
[BlackElo "2352"]
[WhiteFideId "5089000"]
[BlackFideId "25071688"]
[EventDate "2022.06.10"]

1. e4 c6 2. d4 d5 3. e5 Bf5 4. h4 h5 5. c4 e6 6. Nc3 Qb6 7. Nge2 Nd7 8. Ng3 Bg6
9. c5 Qd8 10. Bd3 Bxd3 11. Qxd3 Be7 12. Nce2 Nf8 13. Qb3 Rb8 14. Qa4 a6 15. Bd2
Ng6 16. O-O-O Bxh4 17. f4 N8e7 18. f5 exf5 19. Rxh4 Nxh4 20. Bg5 Nhg6 21. Nxf5
Qd7 22. Nd6+ Kf8 23. Rf1 Kg8 24. Rxf7 Rf8 25. Rxf8+ Nxf8 26. Qb3 Neg6 27. Be3 h4
28. Qxb7 Qxb7 29. Nxb7 Ne6 30. Kd2 Ne7 31. Nf4 Nxf4 32. Bxf4 Kf7 33. Bg5 Nf5 34.
Na5 Nxd4 35. Be3 Nf5 36. Bf2 Rh6 37. b4 g5 38. a4 g4 39. Nxc6 Rxc6 0-1